00433cam a2200157ua 45000010005000000080039000050400009000440820013000531000027000662450075000932500009001682600032001773000017002096530019002266530030002453307191206n ii |||gr||||Z||||||asm cMAIN a891.4513 aSarma, Gobinda Prasad, aBirendrakumar Bhattacarya : boupanyasik / cby Gobinda Prasad Sarma  a2nd. aGuahati:bBarua agency,987. a186p:c23cm. aAssamese novel aBirendrakumar Bhattacarya